| 000 | 004210000a22001690004500 | ||
|---|---|---|---|
| 003 | MACL | ||
| 005 | 20160113171647.0 | ||
| 008 | 160113b xxu||||| |||| 00| 0 eng d | ||
| 040 |
_aMACL _cMACL |
||
| 041 | _aEnglish | ||
| 082 | _a966/JOH | ||
| 100 |
_aJohnston, Sir Harry H _932098 |
||
| 245 | _aBritish Central Africa | ||
| 260 |
_bMethuen & Co. _c1898 _aLondon |
||
| 650 |
_aHistory _932099 |
||
| 942 |
_cBK _k966/JOH _2ddc |
||
| 999 |
_c37219 _d37219 |
||